000 00689nam a2200277Ia 4500
005 20260324130005.0
008 008 260324s9999 xx 000 0 eng d
020 _a9780429145162
037 _aEBOOK
040 _aCRL
040 _beng
040 _cCRL
041 _2eng
041 _aeng
084 _qCRL
100 _aTeresa Kowalska; Joseph Sherma; Monika Waksmundzka-Hajnos
_91180107
245 0 _aThin Layer Chromatography in Phytochemistry
260 _bTaylor and Francis
260 _c2008
365 _a
365 _b560
856 _uhttp://www.taylorfrancis.com/books/9780429145162
942 _cEBOOK
999 _c1775837
_d1775837